14 Countries Bordering Russia Quiz Stats

 Plays Quiz Updated Jan 18, 2014

Support Sporcle.
Go Orange.
Score 0/14 Timer 02:00
2 Plays Today
% Correct
China
89.3%
Kazakhstan
84.4%
Belarus
83.2%
Estonia
82.6%
Finland
81.6%
Mongolia
81.5%
Latvia
79.6%
% Correct
Lithuania
78.3%
Ukraine
77.6%
Georgia
75.5%
Azerbaijan
66.7%
North Korea
63.1%
Poland
57.6%
Norway
47.6%

You're not logged in!

Compare scores with friends on all Sporcle quizzes.
OR
Log In

From the Vault

Kevin Costner Movies

by Ben

Remember that movie where Kevin Costner played Kevin Costner? Yeah...that was a good one.
Remove Ads.
Support Sporcle.
Get the best of Sporcle when you Go Orange. This ad-free experience offers more features, more stats, and more fun while also helping to support Sporcle. Thank you for becoming a member.

Show Comments

Extras

Top Quizzes Today


Score Distribution

Your Account Isn't Verified!

In order to create a playlist on Sporcle, you need to verify the email address you used during registration. Go to your Sporcle Settings to finish the process.

Report this User

Report this user for behavior that violates our Community Guidelines.

Details: